| 000 | 00587nam a2200229 i 4500 | ||
|---|---|---|---|
| 001 | 114423 | ||
| 003 | ES-MaACL | ||
| 005 | 20250315062553.0 | ||
| 007 | t| | ||
| 008 | 070227s1984 sp ||||1| spa d | ||
| 020 | _a84-321-2257-2 | ||
| 080 | _a821.134.2-14"19" | ||
| 100 | 1 |
_aCrespo, Pedro. _941529 |
|
| 245 | 1 | 0 |
_aPaís de naipes y relojes / _cPedro Crespo. |
| 250 | _a1ª ed. | ||
| 260 |
_aMadrid : _bRialp, _c1984. |
||
| 300 |
_a64 p. ; _c18 cm. |
||
| 490 | 1 |
_aAdonais ; _v419 |
|
| 830 | 1 | 0 |
_aAdonáis _v419 _9173743 |
| 852 |
_aES-MaACL _jJ-23-419 |
||
| 999 |
_c114423 _d114423 |
||